| 000 -CABECERA |
| fixed length control field |
03409nam a22003857a 4500 |
| 003 - IDENTIFICADOR DEL NÚMERO DE CONTROL |
| control field |
AR-CdUCM |
| 008 - DATOS DE LONGITUD FIJA--INFORMACIÓN GENERAL |
| fixed length control field |
190425b ||||| |||| 00| 0 spa d |
| 040 ## - FUENTE DE LA CATALOGACIÓN |
| Agencia/entidad que catalogó originalmente la obra |
MUNICIPALIDAD PROVINCIAL DEL CUSCO |
| Entidad que transcribió la catalogación |
BIBLIOTECA MUNICIPAL DEL CUSCO |
| 082 ## - NÚMERO DE LA CLASIFICACIÓN DECIMAL DEWEY |
| No. de Clasificación |
Rev.IAAC/N°11/1963 |
| 110 ## - ENTRADA PRINCIPAL--NOMBRE DE ENTIDAD CORPORATIVA |
| Nombre de la institución, jurisdicción como entrada principal |
Instituto Americano de Arte del Cuzco |
| 9 (RLIN) |
43770 |
| 245 ## - MENCIÓN DE TÍTULO |
| Título |
Revista del Instituto Americano de Arte / |
| 260 ## - PUBLICACIÓN, DISTRIBUCIÓN, ETC. |
| Lugar de publicación, distribución, etc. |
Cusco : |
| Nombre de la editorial, distribuidor, etc. |
H.G. Rozas, |
| Fecha de publicación, distribución, etc. |
1963. |
| 300 ## - DESCRIPCIÓN FÍSICA |
| Nº de Páginas Extensión |
471 páginas. : |
| Otros detalles físicos |
ilustraciones, laminas ; |
| Dimensiones |
24 cm. |
| 440 ## - MENCIÓN DE SERIE/PUNTO DE ACCESO ADICIONAL--TÍTULO |
| Título |
Revista del Instituto Americano de Arte Cuzco. |
| Número de la parte/sección de una obra |
Año XI, [?] semestre de 1963, N°11. Vol.[?] |
| 9 (RLIN) |
46138 |
| 505 ## - NOTA DE CONTENIDO CON FORMATO |
| Nota de contenido formateada |
Contenido: Instituto Americano de Arte 1937-5 de octubre -1963. -- Cuzco ubicación geo-cultural. Rafael Aguilar. -- Mecánica a sísmica en el orden arquitectónico incaico. Rafael Calderón Peñaylillo. -- El terremoto de 1650 en el Cuzco. Horacio Villanueva Urtega. -- La señorial casa de Hatunrumiyoc. Juan Antonio Casanova. -- Machu y Huayna Picchu. Julio Dávila Peña. -- Issicha Puytu. Jorge A. Lira. -- La danza de los K´achampas. Mario Alberto Gilt Contreras. -- El Yaraví. Consuelo Pagaza Galdo. -- Introducción al estudio de las relaciones culturales entre el Alto Perú y el Cuzco. Carlos G. Taborga. -- Los primeros periódicos editados en el Cuzco. Luis Felipe Paredes. -- El pintor virreinal Marcos Zapata y su circulo. José Mesa y Teresa Gisbert. -- Los pintores coloniales de la colonia. Teófilo Benavente. -- La obra pictórica de Agustín Rivero. Julio G. Gutiérrez. -- Antonio Sánchez Delgado, escultor. Carlos Ferdinand Cuadros. -- La obra de Francisco Becerra en las catedrales de Lima y Cuzco. Jorge Cornejo Bouroncle. -- La contribución de América a la hominización. Eugenio Choy. -- Sinopsis de la teoría del Derecho Interplanetario. Luis Felipe Paredes. -- Gonzalo Zaldumbide y su Égloga trágica. Luis Velazco Aragón. -- Apuntes sobre letrados cuzqueños semblanza de Humberto Pacheco. Eustaquio Kallata. -- Otro accidente de tránsito. Daniel Castillo. -- La barca aventurera. Margarita Mendizábal de Roel. -- Ccochaccarancca. Juana Fernández de Olivera. -- Wilcamayo. Martha Alicia de Fernan Zegarra. -- Sentencia. Renee Luna. -- K´antu. Delia Blanco de Valencia. -- Kkosko Mamá Sonkko. Humberto Mata. -- La tragedia del mestizaje. Rafael Aguilar Páez. -- Escuela de labriegos y ángeles poemas. Gustavo Pérez Ocampo. -- Viento de la puna. Luis Nieto Miranda. -- Escuela cusqueña de arte colonial la iglesia de Huaroc. José Uriel García. -- Homenaje a las bodas de plata del IAAC programa general. |
| 650 ## - PUNTO DE ACCESO ADICIONAL DE MATERIA--TÉRMINO DE MATERIA |
| Descriptor |
Tradiciones cusqueñas |
| 9 (RLIN) |
31110 |
| 650 ## - PUNTO DE ACCESO ADICIONAL DE MATERIA--TÉRMINO DE MATERIA |
| Descriptor |
Literatura cusqueña |
| 9 (RLIN) |
46110 |
| 650 ## - PUNTO DE ACCESO ADICIONAL DE MATERIA--TÉRMINO DE MATERIA |
| Descriptor |
Poetas cusqueños |
| 9 (RLIN) |
5956 |
| 650 ## - PUNTO DE ACCESO ADICIONAL DE MATERIA--TÉRMINO DE MATERIA |
| Descriptor |
Arte cusqueño |
| 9 (RLIN) |
13165 |
| 650 ## - PUNTO DE ACCESO ADICIONAL DE MATERIA--TÉRMINO DE MATERIA |
| Descriptor |
Arquitectura cusqueña |
| 9 (RLIN) |
30237 |
| 650 ## - PUNTO DE ACCESO ADICIONAL DE MATERIA--TÉRMINO DE MATERIA |
| Descriptor |
Pintura cusqueña |
| 9 (RLIN) |
7254 |
| 650 ## - PUNTO DE ACCESO ADICIONAL DE MATERIA--TÉRMINO DE MATERIA |
| Descriptor |
Pintores cusqueños |
| 9 (RLIN) |
46139 |
| 650 ## - PUNTO DE ACCESO ADICIONAL DE MATERIA--TÉRMINO DE MATERIA |
| Descriptor |
Pintura colonial |
| 9 (RLIN) |
46048 |
| 700 ## - PUNTO DE ACCESO ADICIONAL--NOMBRE DE PERSONA |
| Nombre Personal |
Gutiérrez Loayza, Julio |
| 9 (RLIN) |
46116 |
| 700 ## - PUNTO DE ACCESO ADICIONAL--NOMBRE DE PERSONA |
| Nombre Personal |
Nieto Mirando, Luis |
| 9 (RLIN) |
46131 |
| 700 ## - PUNTO DE ACCESO ADICIONAL--NOMBRE DE PERSONA |
| Nombre Personal |
Caballero Farfán, Policarpo |
| 9 (RLIN) |
13130 |
| 700 ## - PUNTO DE ACCESO ADICIONAL--NOMBRE DE PERSONA |
| Nombre Personal |
Villanueva Urteaga, Horacio |
| 9 (RLIN) |
5790 |
| 700 ## - PUNTO DE ACCESO ADICIONAL--NOMBRE DE PERSONA |
| Nombre Personal |
Fuentes Lira, Mariano |
| 9 (RLIN) |
36631 |
| 700 ## - PUNTO DE ACCESO ADICIONAL--NOMBRE DE PERSONA |
| Nombre Personal |
Cornejo Bouroncle, Jorge |
| 9 (RLIN) |
15278 |
| 700 ## - PUNTO DE ACCESO ADICIONAL--NOMBRE DE PERSONA |
| Nombre Personal |
De Mesa, José |
| 9 (RLIN) |
46140 |
| 700 ## - PUNTO DE ACCESO ADICIONAL--NOMBRE DE PERSONA |
| Nombre Personal |
Gisbert, Teresa |
| 9 (RLIN) |
1086 |
| 942 ## - ELEMENTOS DE PUNTO DE ACCESO ADICIONAL (KOHA) |
| Fuente de clasificación |
|
| Tipo de item |
Revistas cusqueñas |
| 945 ## - PROCESAMIENTO DE INFORMACIÓN LOCAL (OCLC) |
| Catalogador |
rac |